00827cam a2200277 a 4500001000800000005001700008008004100025010001700066020001500083035002100098040001800119041000800137042001400145043001200159080001300171082001700184100000700201101000800208245006100216246003500277504005100312906004500363942001200408999001700420952011200437492857020180227082406.0950703s1996 txuab b 001 0 eng d a 95078532  a0155000365 a(OCoLC)34132776  aNjPcNjPdDLC aeng alccopycat an-us--- a973 JOH00a973 JOH220 a16 aHIS00aLiberty, equality, power :cJohn M. Murrin ... [et al.].30aHistory of the American people aIncludes bibliographical references and index. a7bcbcccopycatd2eopcnf19gy-gencatlg 2ddccBK c43626d43626 00102udc40708PËKGa002b002cPËKGd2018-02-27l0o973 JOHp002-3000056r2018-02-27w2018-02-27yBK